[Event "2012"]
[Site "Pyhajarve"]
[Date "2012.11.25"]
[Round "23.3"]
[White "NYBACK, Tomi"]
[Black "PUUSEPP, Kaimar"]
[Result "1-0"]
[LiveChessVersion "1.3.1"]
[BlackElo "2273"]
[WhiteElo "2631"]

1. d4 {[%clk 0:05:58]} d6 {[%clk 0:14:00]} 2. Nf3 {[%clk 0:05:57]} Nf6
{[%clk 0:13:59]} 3. c4 {[%clk 0:05:55]} Nbd7 {[%clk 0:13:58]} 4. Nc3
{[%clk 0:05:53]} e5 {[%clk 0:13:57]} 5. e4 {[%clk 0:05:52]} Be7 {[%clk 0:13:56]}
6. Be2 {[%clk 0:05:50]} O-O {[%clk 0:13:55]} 7. O-O {[%clk 0:05:48]} c6
{[%clk 0:13:54]} 8. Rb1 {[%clk 0:05:46]} a5 {[%clk 0:13:51]} 9. Re1
{[%clk 0:05:31]} Qc7 {[%clk 0:13:50]} 10. Bf1 {[%clk 0:05:24]} Re8
{[%clk 0:13:49]} 11. h3 {[%clk 0:05:18]} Bf8 {[%clk 0:13:47]} 12. Be3
{[%clk 0:05:16]} g6 {[%clk 0:13:35]} 13. d5 {[%clk 0:05:06]} Nc5 {[%clk 0:12:56]}
14. Nd2 {[%clk 0:05:04]} Nh5 {[%clk 0:12:41]} 15. g3 {[%clk 0:04:50]} Ng7
{[%clk 0:11:56]} 16. a3 {[%clk 0:04:42]} f5 {[%clk 0:11:50]} 17. b4
{[%clk 0:04:33]} Nxe4 {[%clk 0:11:36]} 18. Ndxe4 {[%clk 0:04:31]} fxe4
{[%clk 0:11:35]} 19. Nxe4 {[%clk 0:04:29]} Rd8 {[%clk 0:10:40]} 20. g4
{[%clk 0:04:16]} axb4 {[%clk 0:10:34]} 21. axb4 {[%clk 0:04:14]} Be7
{[%clk 0:09:55]} 22. Bg2 {[%clk 0:04:03]} Ne8 {[%clk 0:09:30]} 23. dxc6
{[%clk 0:03:48]} bxc6 {[%clk 0:09:26]} 24. b5 {[%clk 0:03:46]} Be6
{[%clk 0:08:58]} 25. bxc6 {[%clk 0:03:22]} Rab8 {[%clk 0:08:41]} 26. Qa4
{[%clk 0:03:10]} Kh8 {[%clk 0:07:20]} 27. Ng5 {[%clk 0:02:51]} Bg8
{[%clk 0:07:01]} 28. Rb7 {[%clk 0:02:39]} Rxb7 {[%clk 0:06:57]} 29. cxb7
{[%clk 0:02:37]} Nf6 {[%clk 0:05:52]} 30. Qc6 {[%clk 0:02:20]} Qa5
{[%clk 0:05:11]} 31. Rb1 {[%clk 0:02:17]} 1-0

[Event "2012"]
[Site "Pyhajarve"]
[Date "2012.11.25"]
[Round "23.4"]
[White "LIIVA, Riho"]
[Black "VALGMAE, Toomas"]
[Result "1/2-1/2"]
[LiveChessVersion "1.3.1"]
[BlackElo "2257"]
[WhiteElo "2451"]

1. e4 {[%clk 0:05:59]} d6 {[%clk 0:13:57]} 2. d4 {[%clk 0:05:57]} Nf6 3. Nc3 g6
{[%clk 0:13:55]} 4. Be3 {[%clk 0:05:52]} c6 {[%clk 0:13:54]} 5. Qd2
{[%clk 0:05:48]} b5 {[%clk 0:13:53]} 6. f3 {[%clk 0:05:47]} Nbd7 {[%clk 0:13:52]}
7. a4 {[%clk 0:05:40]} b4 {[%clk 0:13:45]} 8. Nd1 {[%clk 0:05:39]} a5
{[%clk 0:13:40]} 9. Bd3 {[%clk 0:05:26]} Qc7 {[%clk 0:13:24]} 10. Ne2
{[%clk 0:05:18]} c5 {[%clk 0:13:23]} 11. c4 {[%clk 0:04:48]} bxc3
{[%clk 0:13:11]} 12. Ndxc3 {[%clk 0:04:30]} cxd4 {[%clk 0:12:22]} 13. Nb5
{[%clk 0:04:00]} Qb8 {[%clk 0:11:44]} 14. Bxd4 {[%clk 0:03:53]} Bg7
{[%clk 0:11:05]} 15. O-O {[%clk 0:03:16]} O-O {[%clk 0:11:03]} 16. b4
{[%clk 0:03:15]} axb4 {[%clk 0:10:47]} 17. Qxb4 {[%clk 0:03:14]} Ba6
{[%clk 0:10:40]} 18. Nec3 {[%clk 0:03:07]} Rc8 {[%clk 0:10:26]} 19. Rfb1
{[%clk 0:03:06]} Nc5 {[%clk 0:10:18]} 20. Bf1 {[%clk 0:03:06]} Qb7
{[%clk 0:09:23]} 21. Qa3 {[%clk 0:02:24]} Qd7 {[%clk 0:09:13]} 22. Qc1
{[%clk 0:02:14]} Ne6 1/2-1/2

[Event "2012"]
[Site "Pyhajarve"]
[Date "2012.11.25"]
[Round "23.6"]
[White "LAINE, Panu"]
[Black "KULAOTS, Kaido"]
[Result "0-1"]
[LiveChessVersion "1.3.1"]
[BlackElo "2537"]
[WhiteElo "2207"]

1. e4 {[%clk 0:15:59]} c5 {[%clk 0:04:00]} 2. Nf3 {[%clk 0:15:57]} e6
{[%clk 0:03:59]} 3. c3 {[%clk 0:15:56]} Nf6 {[%clk 0:03:58]} 4. e5
{[%clk 0:15:53]} Nd5 {[%clk 0:03:57]} 5. d4 {[%clk 0:15:51]} cxd4
{[%clk 0:03:56]} 6. cxd4 d6 7. a3 {[%clk 0:15:40]} Nc6 {[%clk 0:03:54]} 8. Bd3
{[%clk 0:15:38]} Be7 {[%clk 0:03:52]} 9. O-O {[%clk 0:15:36]} O-O
{[%clk 0:03:49]} 10. exd6 {[%clk 0:15:26]} Qxd6 {[%clk 0:03:46]} 11. Nc3
{[%clk 0:15:24]} Nxc3 {[%clk 0:03:39]} 12. bxc3 {[%clk 0:15:23]} Bf6
{[%clk 0:03:35]} 13. a4 {[%clk 0:15:16]} Rd8 14. Be4 {[%clk 0:15:00]} b6
{[%clk 0:03:28]} 15. Ba3 {[%clk 0:14:28]} Qc7 {[%clk 0:03:28]} 16. Qe2
{[%clk 0:14:13]} Bb7 {[%clk 0:03:25]} 17. Rfd1 {[%clk 0:14:03]} Rac8
{[%clk 0:03:20]} 18. Rac1 {[%clk 0:14:01]} Na5 {[%clk 0:03:14]} 19. Bxb7
{[%clk 0:13:07]} Qxb7 {[%clk 0:03:13]} 20. Ne5 {[%clk 0:12:57]} Rc7
{[%clk 0:02:54]} 21. Ng4 {[%clk 0:12:41]} Bg5 {[%clk 0:02:49]} 22. Rc2
{[%clk 0:12:31]} Nc4 {[%clk 0:02:40]} 23. Bc1 {[%clk 0:12:21]} Bxc1
{[%clk 0:02:39]} 24. Rdxc1 {[%clk 0:12:19]} Rdc8 {[%clk 0:02:35]} 25. Ne5
{[%clk 0:12:03]} Qd5 {[%clk 0:02:22]} 26. Nd3 {[%clk 0:10:40]} Na3
{[%clk 0:02:15]} 27. Nb4 {[%clk 0:10:22]} Qd7 {[%clk 0:02:04]} 28. Rd2
{[%clk 0:09:45]} Rxc3 {[%clk 0:02:01]} 29. Rxc3 {[%clk 0:09:42]} Rxc3
{[%clk 0:02:00]} 30. h3 {[%clk 0:09:41]} Rc1+ {[%clk 0:01:50]} 0-1

[Event "2012"]
[Site "Pyhajarve"]
[Date "2012.11.25"]
[Round "24.1"]
[White "KANEP, Meelis"]
[Black "SHORT, Nigel"]
[Result "1/2-1/2"]
[LiveChessVersion "1.3.1"]
[BlackElo "2702"]
[WhiteElo "2508"]

1. d4 {[%clk 0:09:57]} e6 {[%clk 0:10:00]} 2. c4 {[%clk 0:09:55]} b6
{[%clk 0:09:59]} 3. Nf3 {[%clk 0:09:49]} Bb7 {[%clk 0:09:58]} 4. g3
{[%clk 0:09:46]} Bb4+ {[%clk 0:09:56]} 5. Bd2 {[%clk 0:09:43]} Bxf3
{[%clk 0:09:53]} 6. exf3 {[%clk 0:09:42]} Bxd2+ {[%clk 0:09:51]} 7. Qxd2
{[%clk 0:09:37]} Nf6 {[%clk 0:09:35]} 8. Nc3 {[%clk 0:09:35]} d5 {[%clk 0:09:34]}
9. O-O-O {[%clk 0:09:20]} O-O {[%clk 0:09:28]} 10. g4 {[%clk 0:09:00]} c6
{[%clk 0:09:10]} 11. h4 {[%clk 0:08:57]} dxc4 {[%clk 0:09:01]} 12. Bxc4
{[%clk 0:08:54]} b5 {[%clk 0:09:01]} 13. Be2 {[%clk 0:08:37]} Na6
{[%clk 0:08:52]} 14. Kb1 {[%clk 0:08:28]} Nd5 {[%clk 0:08:32]} 15. Ne4
{[%clk 0:08:27]} Qe7 {[%clk 0:08:14]} 16. Rc1 {[%clk 0:08:19]} Rac8
{[%clk 0:08:13]} 17. h5 {[%clk 0:08:02]} Qb4 {[%clk 0:07:54]} 18. Qd1
{[%clk 0:07:45]} Rfd8 {[%clk 0:07:44]} 19. h6 {[%clk 0:07:41]} g6
{[%clk 0:07:43]} 20. a3 {[%clk 0:07:32]} Qe7 {[%clk 0:07:41]} 21. Qd2
{[%clk 0:07:23]} Nb8 {[%clk 0:07:28]} 22. f4 {[%clk 0:06:54]} Nd7
{[%clk 0:07:25]} 23. Bf3 {[%clk 0:06:44]} Nf8 {[%clk 0:06:09]} 24. f5
{[%clk 0:06:31]} exf5 {[%clk 0:05:27]} 25. gxf5 {[%clk 0:06:29]} Kh8
{[%clk 0:05:21]} 26. Rhe1 {[%clk 0:05:33]} gxf5 {[%clk 0:05:07]} 27. Ng3
{[%clk 0:05:26]} Qf6 {[%clk 0:05:02]} 28. Re5 {[%clk 0:05:23]} Ne7
{[%clk 0:04:55]} 29. Rce1 {[%clk 0:05:07]} Nfg6 {[%clk 0:04:53]} 30. Nh5
{[%clk 0:04:34]} Qd6 {[%clk 0:04:52]} 31. Qg5 {[%clk 0:04:21]} Rc7
{[%clk 0:04:30]} 32. Re6 {[%clk 0:03:44]} Qxd4 {[%clk 0:04:18]} 33. R1e5
{[%clk 0:02:52]} Ng8 {[%clk 0:04:09]} 34. Re8 {[%clk 0:02:46]} Qd3+
{[%clk 0:04:03]} 35. Ka1 {[%clk 0:02:28]} Rxe8 {[%clk 0:03:57]} 36. Rxe8
{[%clk 0:02:18]} Qf1+ {[%clk 0:03:56]} 37. Ka2 {[%clk 0:02:17]} Qc4+
{[%clk 0:03:55]} 38. Ka1 {[%clk 0:02:09]} Qf1+ {[%clk 0:03:52]} 39. Ka2
{[%clk 0:02:08]} Qc4+ {[%clk 0:03:51]} 40. Kb1 {[%clk 0:02:03]} Qd3+
{[%clk 0:03:42]} 41. Kc1 {[%clk 0:01:47]} Qc4+ {[%clk 0:03:41]} 42. Kb1
{[%clk 0:01:38]} 1/2-1/2

[Event "2012"]
[Site "Pyhajarve"]
[Date "2012.11.25"]
[Round "24.2"]
[White "REBANE, Raul"]
[Black "MIEZIS, Normunds"]
[Result "0-1"]
[LiveChessVersion "1.3.1"]
[BlackElo "2512"]
[WhiteElo "2147"]

1. d4 {[%clk 0:16:00]} Nf6 2. Nf3 e6 {[%clk 0:03:56]} 3. Bf4 {[%clk 0:15:59]} b5
{[%clk 0:03:54]} 4. c3 {[%clk 0:15:58]} Bb7 {[%clk 0:03:52]} 5. e3
{[%clk 0:15:56]} a6 {[%clk 0:03:51]} 6. Be2 {[%clk 0:15:54]} h6 {[%clk 0:03:49]}
7. h3 {[%clk 0:15:44]} g5 {[%clk 0:03:46]} 8. Bh2 {[%clk 0:15:43]} Nc6
{[%clk 0:03:40]} 9. a4 {[%clk 0:15:30]} bxa4 {[%clk 0:03:36]} 10. Qxa4
{[%clk 0:15:26]} Bg7 {[%clk 0:03:34]} 11. Nbd2 {[%clk 0:15:20]} Ne7
{[%clk 0:03:25]} 12. Qa5 {[%clk 0:15:04]} d6 {[%clk 0:03:19]} 13. Qb4
{[%clk 0:14:31]} Qc8 {[%clk 0:03:16]} 14. Nc4 {[%clk 0:14:15]} O-O
{[%clk 0:03:07]} 15. O-O {[%clk 0:13:47]} Bd5 {[%clk 0:03:01]} 16. Ncd2
{[%clk 0:13:39]} Qd7 {[%clk 0:02:57]} 17. Bd3 {[%clk 0:13:07]} Rfb8
{[%clk 0:02:52]} 18. Qa3 {[%clk 0:13:06]} a5 {[%clk 0:02:46]} 19. e4
{[%clk 0:12:52]} Bc6 {[%clk 0:02:44]} 20. e5 {[%clk 0:12:46]} Ne8
{[%clk 0:02:41]} 21. Ne4 {[%clk 0:12:00]} f5 {[%clk 0:02:33]} 22. exf6
{[%clk 0:11:44]} Nxf6 {[%clk 0:02:30]} 23. Nfd2 {[%clk 0:10:58]} Nxe4
{[%clk 0:02:28]} 24. Nxe4 {[%clk 0:10:47]} Bd5 {[%clk 0:02:09]} 25. Rfe1
{[%clk 0:10:36]} Rb3 {[%clk 0:02:03]} 26. Qa4 {[%clk 0:10:20]} Qxa4
{[%clk 0:02:01]} 27. Rxa4 {[%clk 0:10:19]} Rxb2 {[%clk 0:01:58]} 28. Ng3
{[%clk 0:08:12]} Kf7 {[%clk 0:01:56]} 29. Nf1 Ra2 {[%clk 0:01:48]} 30. Rxa2
{[%clk 0:07:45]} Bxa2 {[%clk 0:01:46]} 31. Ne3 {[%clk 0:07:32]} a4
{[%clk 0:01:38]} 32. c4 {[%clk 0:07:26]} Bxd4 {[%clk 0:01:34]} 33. Nc2
{[%clk 0:07:10]} Bc3 {[%clk 0:01:23]} 34. Re2 {[%clk 0:07:04]} Bb3
{[%clk 0:01:20]} 0-1

[Event "2012"]
[Site "Pyhajarve"]
[Date "2012.11.25"]
[Round "24.3"]
[White "KULAOTS, Kaido"]
[Black "KELDER, Hendrek"]
[Result "1/2-1/2"]
[LiveChessVersion "1.3.1"]
[BlackElo "2065"]
[WhiteElo "2537"]

1. e4 {[%clk 0:02:00]} e5 {[%clk 0:17:58]} 2. Nf3 {[%clk 0:01:59]} Nc6 3. Bb5 a6
{[%clk 0:17:56]} 4. Ba4 {[%clk 0:01:58]} Nf6 {[%clk 0:17:55]} 5. O-O
{[%clk 0:01:57]} b5 {[%clk 0:17:53]} 6. Bb3 {[%clk 0:01:56]} Be7 {[%clk 0:17:52]}
7. d3 {[%clk 0:01:55]} O-O {[%clk 0:17:50]} 8. Re1 {[%clk 0:01:54]} d6
{[%clk 0:17:48]} 9. Nbd2 {[%clk 0:01:53]} Na5 {[%clk 0:17:43]} 10. c3
{[%clk 0:01:52]} Nxb3 {[%clk 0:17:41]} 11. axb3 {[%clk 0:01:52]} c5
{[%clk 0:17:30]} 12. Nf1 {[%clk 0:01:51]} Ne8 {[%clk 0:17:17]} 13. h3
{[%clk 0:01:48]} f5 {[%clk 0:17:15]} 14. Ne3 {[%clk 0:01:43]} f4 {[%clk 0:17:11]}
15. Nd5 {[%clk 0:01:42]} Nf6 {[%clk 0:17:01]} 16. Nxe7+ {[%clk 0:01:39]} Qxe7 17.
d4 cxd4 {[%clk 0:16:53]} 18. cxd4 {[%clk 0:01:38]} Rd8 {[%clk 0:16:42]} 19. Bd2
{[%clk 0:01:36]} Bb7 {[%clk 0:16:37]} 20. d5 {[%clk 0:01:35]} Rac8
{[%clk 0:16:35]} 21. Ba5 {[%clk 0:01:33]} Rf8 {[%clk 0:16:16]} 22. Nd2
{[%clk 0:01:32]} Nd7 {[%clk 0:15:43]} 23. Qe2 {[%clk 0:01:26]} Rf6
{[%clk 0:15:35]} 24. Rac1 {[%clk 0:01:23]} Rg6 {[%clk 0:14:21]} 25. Rxc8+
{[%clk 0:01:18]} Bxc8 {[%clk 0:14:20]} 26. Rc1 {[%clk 0:01:17]} Qe8
{[%clk 0:13:55]} 27. Nf3 {[%clk 0:01:12]} Nc5 {[%clk 0:13:43]} 28. Kh2
{[%clk 0:01:05]} Nxb3 {[%clk 0:13:39]} 29. Qe1 {[%clk 0:00:52]} Nxc1
{[%clk 0:13:33]} 1/2-1/2

[Event "2012"]
[Site "Pyhajarve"]
[Date "2012.11.25"]
[Round "24.4"]
[White "VOLODIN, Aleksandr"]
[Black "LEITO, Priit"]
[Result "1/2-1/2"]
[LiveChessVersion "1.3.1"]
[BlackElo "2333"]
[WhiteElo "2446"]

1. d4 {[%clk 0:07:58]} d5 {[%clk 0:12:00]} 2. c4 {[%clk 0:07:57]} e6
{[%clk 0:11:59]} 3. Nc3 c5 4. cxd5 {[%clk 0:07:52]} exd5 {[%clk 0:11:58]} 5. Nf3
{[%clk 0:07:51]} Nc6 {[%clk 0:11:57]} 6. g3 {[%clk 0:07:50]} Nf6 {[%clk 0:11:56]}
7. Bg2 {[%clk 0:07:50]} Be7 {[%clk 0:11:55]} 8. O-O {[%clk 0:07:48]} O-O
{[%clk 0:11:54]} 9. Bg5 {[%clk 0:07:48]} cxd4 {[%clk 0:11:52]} 10. Nxd4
{[%clk 0:07:46]} Re8 {[%clk 0:11:43]} 11. Qa4 {[%clk 0:07:44]} Bd7
{[%clk 0:11:24]} 12. Rad1 {[%clk 0:07:32]} h6 {[%clk 0:11:09]} 13. Be3
{[%clk 0:07:31]} Nb4 {[%clk 0:10:41]} 14. Qb3 {[%clk 0:07:19]} a5
{[%clk 0:10:40]} 15. Bxd5 {[%clk 0:05:14]} Nfxd5 {[%clk 0:10:39]} 16. Nxd5
{[%clk 0:05:13]} Nxd5 {[%clk 0:10:38]} 17. Qxd5 {[%clk 0:05:11]} Bh3
{[%clk 0:10:36]} 18. Qxb7 {[%clk 0:04:29]} Bxf1 {[%clk 0:10:26]} 19. Kxf1
{[%clk 0:04:25]} Rb8 {[%clk 0:10:13]} 20. Qc6 {[%clk 0:04:09]} Rxb2
{[%clk 0:10:04]} 21. Rd3 {[%clk 0:04:08]} Rb1+ {[%clk 0:09:57]} 22. Kg2
{[%clk 0:03:58]} Qa8 {[%clk 0:09:56]} 23. Qxa8 {[%clk 0:03:48]} Rxa8 24. Nc6 Bf6
{[%clk 0:09:49]} 25. a4 {[%clk 0:03:28]} Ra1 {[%clk 0:09:44]} 26. Bd2
{[%clk 0:03:26]} Rxa4 27. Rd5 Rc4 {[%clk 0:08:58]} 28. Nxa5 {[%clk 0:03:22]} Rc2
{[%clk 0:08:56]} 29. Nb3 {[%clk 0:03:06]} Raa2 {[%clk 0:08:52]} 30. Be3
{[%clk 0:02:35]} Rxe2 {[%clk 0:08:46]} 31. Nc1 {[%clk 0:02:34]} Rec2
{[%clk 0:07:54]} 32. Nxa2 {[%clk 0:02:31]} Rxa2 {[%clk 0:07:53]} 33. Kf3
{[%clk 0:02:29]} Rc2 {[%clk 0:07:48]} 34. Rb5 {[%clk 0:02:27]} Rb2
{[%clk 0:07:46]} 35. Ra5 {[%clk 0:02:26]} Rc2 {[%clk 0:07:44]} 36. Ra6
{[%clk 0:02:25]} Rb2 {[%clk 0:07:39]} 37. Bxh6 {[%clk 0:02:20]} gxh6
{[%clk 0:07:26]} 38. Rxf6 {[%clk 0:02:19]} Kg7 {[%clk 0:07:26]} 39. Rd6
{[%clk 0:02:18]} Rb3+ {[%clk 0:07:25]} 40. Kg2 {[%clk 0:02:17]} Rb2
{[%clk 0:07:24]} 41. h3 {[%clk 0:02:16]} Rc2 {[%clk 0:07:23]} 42. g4
{[%clk 0:02:15]} Rc3 {[%clk 0:07:21]} 43. f3 {[%clk 0:02:14]} Rb3
{[%clk 0:07:18]} 44. Kg3 {[%clk 0:02:13]} Rc3 {[%clk 0:07:17]} 45. h4
{[%clk 0:02:11]} Rb3 {[%clk 0:07:16]} 46. g5 {[%clk 0:02:10]} hxg5
{[%clk 0:07:15]} 47. hxg5 {[%clk 0:02:10]} Rb4 {[%clk 0:06:49]} 48. f4
{[%clk 0:02:09]} Ra4 {[%clk 0:06:49]} 49. Kg4 {[%clk 0:02:08]} Ra1
{[%clk 0:06:44]} 50. Rd7 {[%clk 0:02:07]} Rg1+ {[%clk 0:06:40]} 51. Kf3
{[%clk 0:02:06]} Rf1+ {[%clk 0:06:33]} 52. Ke4 {[%clk 0:02:05]} Re1+
{[%clk 0:06:30]} 53. Kf5 {[%clk 0:02:05]} Ra1 {[%clk 0:06:29]} 54. Rd5
{[%clk 0:01:59]} Rb1 {[%clk 0:06:24]} 55. Rd3 {[%clk 0:01:55]} Ra1
{[%clk 0:06:21]} 56. Kg4 {[%clk 0:01:54]} Rg1+ {[%clk 0:05:58]} 57. Kf5
{[%clk 0:01:50]} Ra1 {[%clk 0:05:55]} 58. Re3 {[%clk 0:01:49]} Rb1
{[%clk 0:05:53]} 59. Kg4 {[%clk 0:01:43]} Rg1+ {[%clk 0:05:51]} 60. Kf3
{[%clk 0:01:42]} Rf1+ {[%clk 0:05:36]} 61. Ke4 {[%clk 0:01:42]} Ra1
{[%clk 0:05:35]} 62. Rd3 {[%clk 0:01:41]} Re1+ {[%clk 0:05:31]} 63. Kf5
{[%clk 0:01:40]} Ra1 {[%clk 0:05:30]} 64. Rd5 {[%clk 0:01:39]} Rb1
{[%clk 0:05:27]} 65. Rd7 {[%clk 0:01:36]} Rb5+ {[%clk 0:05:25]} 66. Kg4
{[%clk 0:01:34]} Rb1 {[%clk 0:05:24]} 67. f5 {[%clk 0:01:32]} Rg1+
{[%clk 0:05:22]} 68. Kf4 {[%clk 0:01:31]} Rf1+ {[%clk 0:05:21]} 69. Ke5
{[%clk 0:01:27]} Re1+ {[%clk 0:05:18]} 70. Kd6 {[%clk 0:01:25]} Rd1+
{[%clk 0:05:08]} 71. Ke7 {[%clk 0:01:24]} Re1+ {[%clk 0:05:07]} 72. Kd8
{[%clk 0:01:24]} Rf1 {[%clk 0:05:01]} 73. Rd5 {[%clk 0:01:23]} Rg1
{[%clk 0:04:47]} 74. Ke7 {[%clk 0:01:22]} Re1+ {[%clk 0:04:46]} 75. Kd7
{[%clk 0:01:21]} Rg1 {[%clk 0:04:45]} 76. Ke7 {[%clk 0:01:04]} Re1+
{[%clk 0:04:44]} 77. Kd6 {[%clk 0:01:03]} Rg1 {[%clk 0:04:40]} 78. Ke7
{[%clk 0:00:39]} Re1+ {[%clk 0:04:39]} 79. Kd7 {[%clk 0:00:35]} Rg1
{[%clk 0:04:38]} 1/2-1/2

[Event "2012"]
[Site "Pyhajarve"]
[Date "2012.11.25"]
[Round "24.5"]
[White "TUULIK, Ylo"]
[Black "NYBACK, Tomi"]
[Result "0-1"]
[LiveChessVersion "1.3.1"]
[BlackElo "2631"]
[WhiteElo "1923"]

1. d4 {[%clk 0:17:59]} Nf6 {[%clk 0:01:59]} 2. Nf3 {[%clk 0:17:59]} g6
{[%clk 0:01:59]} 3. e3 {[%clk 0:17:58]} Bg7 {[%clk 0:01:58]} 4. Bd3
{[%clk 0:17:57]} O-O 5. c3 b6 {[%clk 0:01:56]} 6. Bd2 {[%clk 0:17:56]} Bb7
{[%clk 0:01:55]} 7. Qc2 {[%clk 0:17:54]} c5 {[%clk 0:01:54]} 8. Ng5
{[%clk 0:17:52]} Nc6 {[%clk 0:01:53]} 9. h4 {[%clk 0:17:49]} h6 {[%clk 0:01:47]}
10. h5 {[%clk 0:17:39]} hxg5 {[%clk 0:01:34]} 11. hxg6 {[%clk 0:17:32]} e5
{[%clk 0:01:26]} 12. Qb3 {[%clk 0:17:21]} d5 {[%clk 0:01:22]} 13. Bf5
{[%clk 0:17:11]} exd4 {[%clk 0:01:19]} 14. gxf7+ {[%clk 0:17:02]} Rxf7
{[%clk 0:01:17]} 15. Be6 {[%clk 0:17:00]} Qe7 {[%clk 0:01:16]} 16. Bxf7+
{[%clk 0:16:56]} Qxf7 {[%clk 0:01:14]} 17. Na3 {[%clk 0:16:46]} Ne4
{[%clk 0:01:13]} 18. O-O-O {[%clk 0:16:37]} d3 {[%clk 0:01:11]} 19. f3
{[%clk 0:16:32]} c4 {[%clk 0:01:10]} 20. Qa4 {[%clk 0:16:30]} Nf2
{[%clk 0:01:08]} 21. Nb5 {[%clk 0:16:20]} Nxh1 {[%clk 0:01:05]} 22. Rxh1
{[%clk 0:16:19]} Qd7 {[%clk 0:01:03]} 23. Qd1 {[%clk 0:16:12]} a6
{[%clk 0:01:01]} 24. Nd4 {[%clk 0:16:08]} Nxd4 {[%clk 0:00:56]} 25. cxd4
{[%clk 0:16:05]} Rc8 {[%clk 0:00:54]} 26. Kb1 {[%clk 0:16:03]} Qf5
{[%clk 0:00:51]} 27. g4 {[%clk 0:16:00]} Qg6 {[%clk 0:00:50]} 28. Bc3
{[%clk 0:15:56]} b5 {[%clk 0:00:49]} 0-1

[Event "2012"]
[Site "Pyhajarve"]
[Date "2012.11.25"]
[Round "24.6"]
[White "VOROBJOV, Pavel"]
[Black "SEEMAN, Tarvo"]
[Result "1/2-1/2"]
[LiveChessVersion "1.3.1"]
[BlackElo "2386"]
[WhiteElo "2206"]

1. e4 {[%clk 0:09:58]} c5 {[%clk 0:09:50]} 2. Nf3 {[%clk 0:09:55]} e6
{[%clk 0:09:47]} 3. d4 {[%clk 0:09:43]} cxd4 {[%clk 0:09:46]} 4. Nxd4
{[%clk 0:09:42]} Nc6 {[%clk 0:09:44]} 5. Be2 {[%clk 0:09:17]} Nf6
{[%clk 0:09:39]} 6. Nxc6 {[%clk 0:09:07]} bxc6 {[%clk 0:09:38]} 7. Qd4
{[%clk 0:08:36]} d5 {[%clk 0:09:30]} 8. exd5 {[%clk 0:08:08]} cxd5
{[%clk 0:09:24]} 9. O-O {[%clk 0:08:00]} Be7 {[%clk 0:09:20]} 10. c4
{[%clk 0:07:52]} dxc4 {[%clk 0:09:02]} 11. Qxc4 {[%clk 0:07:43]} O-O
{[%clk 0:08:47]} 12. Rd1 {[%clk 0:07:23]} Qa5 {[%clk 0:07:33]} 13. Bf3
{[%clk 0:06:45]} Ba6 {[%clk 0:07:26]} 14. Bd2 {[%clk 0:06:29]} Bxc4
{[%clk 0:06:50]} 15. Bxa5 {[%clk 0:06:27]} Bd5 {[%clk 0:06:47]} 16. Bxd5
{[%clk 0:06:09]} Nxd5 {[%clk 0:06:47]} 17. Nc3 {[%clk 0:06:07]} Nxc3
{[%clk 0:05:59]} 18. Bxc3 {[%clk 0:06:05]} Rfd8 {[%clk 0:05:58]} 19. Kf1
{[%clk 0:05:59]} f6 {[%clk 0:05:56]} 20. Ke2 {[%clk 0:05:56]} e5 {[%clk 0:05:44]}
21. Ba5 {[%clk 0:05:48]} Rxd1 {[%clk 0:05:32]} 22. Rxd1 {[%clk 0:05:46]} Kf7
{[%clk 0:05:21]} 23. Rd7 {[%clk 0:05:39]} Ke6 {[%clk 0:05:19]} 24. Rb7
{[%clk 0:05:33]} f5 {[%clk 0:05:13]} 25. Bc3 {[%clk 0:05:26]} Bf6
{[%clk 0:05:04]} 26. a4 {[%clk 0:05:19]} h5 {[%clk 0:04:46]} 27. a5
{[%clk 0:05:16]} a6 {[%clk 0:04:45]} 28. Rb6+ {[%clk 0:04:50]} Kd5
{[%clk 0:04:44]} 29. f4 {[%clk 0:04:49]} exf4 {[%clk 0:04:14]} 30. Bxf6
{[%clk 0:04:41]} gxf6 {[%clk 0:04:13]} 31. Kf3 {[%clk 0:04:25]} Ke5
{[%clk 0:04:09]} 32. b4 {[%clk 0:04:21]} h4 {[%clk 0:03:59]} 33. b5
{[%clk 0:04:19]} axb5 {[%clk 0:03:58]} 34. Rxb5+ {[%clk 0:04:18]} Ke6
{[%clk 0:03:57]} 35. Kxf4 {[%clk 0:04:14]} Rg8 {[%clk 0:03:50]} 36. Rb6+
{[%clk 0:04:07]} Ke7 {[%clk 0:03:48]} 37. a6 {[%clk 0:03:32]} Rxg2
{[%clk 0:03:34]} 38. Kxf5 {[%clk 0:03:24]} Rxh2 {[%clk 0:03:15]} 39. Rb7+
{[%clk 0:02:46]} 1/2-1/2

[Event "2012"]
[Site "Pyhajarve"]
[Date "2012.11.25"]
[Round "25.1"]
[White "SHORT, Nigel"]
[Black "SCHULS, Olev"]
[Result "1-0"]
[LiveChessVersion "1.3.1"]
[BlackElo "2224"]
[WhiteElo "2702"]

1. e4 {[%clk 0:05:59]} c5 {[%clk 0:13:59]} 2. Nf3 {[%clk 0:05:58]} Nc6
{[%clk 0:13:59]} 3. Nc3 {[%clk 0:05:55]} d6 {[%clk 0:13:58]} 4. d4
{[%clk 0:05:54]} cxd4 {[%clk 0:13:57]} 5. Nxd4 Nf6 6. g3 {[%clk 0:05:50]} e5
{[%clk 0:13:56]} 7. Nde2 {[%clk 0:05:46]} h6 {[%clk 0:13:49]} 8. Bg2
{[%clk 0:05:45]} Be6 {[%clk 0:13:47]} 9. O-O {[%clk 0:05:35]} Be7
{[%clk 0:13:46]} 10. Nd5 {[%clk 0:05:30]} Bxd5 {[%clk 0:13:39]} 11. exd5 Nb8 12.
c4 {[%clk 0:05:26]} Nfd7 {[%clk 0:13:28]} 13. Be3 {[%clk 0:05:13]} a5
{[%clk 0:13:25]} 14. b3 {[%clk 0:04:48]} Na6 {[%clk 0:13:23]} 15. a3
{[%clk 0:04:46]} O-O {[%clk 0:13:19]} 16. Rb1 {[%clk 0:04:43]} Qc7
{[%clk 0:13:04]} 17. Kh1 {[%clk 0:04:36]} Rab8 {[%clk 0:12:50]} 18. Nc3
{[%clk 0:04:34]} f5 {[%clk 0:12:34]} 19. f4 {[%clk 0:04:24]} Nac5
{[%clk 0:11:15]} 20. b4 {[%clk 0:04:01]} axb4 {[%clk 0:11:15]} 21. axb4
{[%clk 0:04:00]} Ne4 {[%clk 0:10:43]} 22. Nxe4 {[%clk 0:03:58]} fxe4
{[%clk 0:10:42]} 23. Rc1 {[%clk 0:03:32]} exf4 {[%clk 0:10:18]} 24. gxf4
{[%clk 0:03:31]} Nf6 {[%clk 0:10:08]} 25. Bh3 {[%clk 0:03:29]} b6
{[%clk 0:09:55]} 26. Rg1 {[%clk 0:03:27]} Kh8 {[%clk 0:09:48]} 27. Qe2
{[%clk 0:03:16]} b5 {[%clk 0:09:30]} 28. Qg2 {[%clk 0:03:14]} Rg8
{[%clk 0:09:25]} 29. Be6 {[%clk 0:02:59]} bxc4 {[%clk 0:09:24]} 30. Bd4
{[%clk 0:02:57]} Rbe8 {[%clk 0:08:46]} 31. Qg6 {[%clk 0:02:46]} 1-0